| 000 | 00507cam a2200181ua 4500 | ||
|---|---|---|---|
| 041 |
_aeng _h |
||
| 082 |
_a824 _bMAC/CR |
||
| 100 | _aMacaulay, Thomas Babington . | ||
| 245 |
_aCritical and Historical Essays / _cThomas Babington Macaulay. _hTextual Documents |
||
| 260 |
_aLondon : _bJ M Dent and Sons Ltd , _c1961. |
||
| 300 | _a669 ; . | ||
| 440 | 0 |
_aEveryman`s library, _v226 _x; |
|
| 490 | 0 |
_aEveryman`s library, _v226 _x; |
|
| 504 | _a | ||
| 942 | _cBK | ||
| 999 |
_c979 _d979 |
||